User Experience Team of One: A Research and Design Survival Guide (Record no. 370323)
[ view plain ]
| 000 -LEADER | |
|---|---|
| fixed length control field | 00840nam a2200217 4500 |
| 005 - DATE AND TIME OF LATEST TRANSACTION | |
| control field | 20260212114726.0 |
| 008 - FIXED-LENGTH DATA ELEMENTS--GENERAL INFORMATION | |
| fixed length control field | 260205b |||||||| |||| 00| 0 eng d |
| 020 ## - INTERNATIONAL STANDARD BOOK NUMBER | |
| International Standard Book Number | 9781959029953 |
| 041 ## - LANGUAGE CODE | |
| Language code of text/sound track or separate title | English |
| 082 ## - DEWEY DECIMAL CLASSIFICATION NUMBER | |
| Item number | BUL |
| Classification number | 745.4 |
| 100 ## - MAIN ENTRY--PERSONAL NAME | |
| Author | Buley Leah |
| 245 ## - TITLE STATEMENT | |
| Title | User Experience Team of One: A Research and Design Survival Guide |
| 250 ## - EDITION STATEMENT | |
| Edition statement | 2nd |
| 260 ## - PUBLICATION, DISTRIBUTION, ETC. | |
| Place of publication, distribution, etc. | New York |
| Name of publisher, distributor, etc. | Rosenfeld |
| Date of publication, distribution, etc. | 2024 |
| 300 ## - PHYSICAL DESCRIPTION | |
| Extent | 293 |
| 365 ## - TRADE PRICE | |
| Price amount | 3332.48 |
| Currency code | Rs.00 |
| 520 ## - SUMMARY, ETC. | |
| Summary, etc. | Part I: Philosophy. <br/>1. Ux 101<br/>2. Getting Started<br/>3. Building Support For Your Work<br/>Part Ii: Practice. <br/>4. Planning And Discovery Methods<br/>5. Research Methods<br/>6. Design Methods<br/>7. Testing And Validation Methods<br/>8. Evangelism Methods<br/>9. Growing Yourself And Your Career<br/>10. What's Next<br/> |
| 650 ## - SUBJECT ADDED ENTRY--TOPICAL TERM | |
| Topical term or geographic name entry element | Design |
| 700 ## - ADDED ENTRY--PERSONAL NAME | |
| Personal name | Natoli Joe |
| 942 ## - ADDED ENTRY ELEMENTS (KOHA) | |
| Koha item type | Books |
| Withdrawn status | Lost status | Source of classification or shelving scheme | Damaged status | Not for loan | Home library | Current library | Date acquired | Vendor | Net Price | Bill number | Total Checkouts | Full call number | Barcode | Date last seen | Discount | Actual Price | Bill Date | Koha item type |
|---|---|---|---|---|---|---|---|---|---|---|---|---|---|---|---|---|---|---|
| Dewey Decimal Classification | School of Fashion Technology | School of Fashion Technology | 04/02/2026 | Design Book Studio | 3332.48 | 288 | 745.4 BUL | SOFT-BK-4942 | 05/02/2026 | 33% | 4973.83 | 12/12/2025 | Books |